| 000 | 00633nam a2200193Ii 4500 | ||
|---|---|---|---|
| 003 | JO-AjNU | ||
| 008 | 230605s9999||||xx |||||||||||||| ||und|| | ||
| 040 |
_aJO-AjNU _bara _erda _cJO-AjNU |
||
| 041 | _aara | ||
| 050 | 1 | 4 | _aBC135 .A5 |
| 100 | 3 |
_aمحمد، علي عبد المعطي , _eauthor _939018 |
|
| 245 | 0 | 0 | _aالمنطق الرياضي أسسه ونظرياته |
| 264 | 3 | 1 | _aالاسكندرية:دار المعرفة الجامعية ،د.ت |
| 300 | _a466ص | ||
| 336 |
_atext _btxt _2rdacontent |
||
| 337 |
_aunmediated _bn _2rdamedia |
||
| 338 |
_avolume _bnc _2rdacarrier |
||
| 650 | 4 |
_aمنطق رياضي _939019 |
|
| 999 |
_aA16443 _c20011 _d20011 |
||